Statistics for Every Chris Brown song that hit the Billboard hot 100

Click here to take the quiz!

General Stats

  • This quiz has been taken 107 times
  • The average score is 23 of 87

Answer Stats

Peak Chart PositionYearSong% Correct
12005Run It!
77%
92014Loyal
68%
72006Yo (Excuse Me Miss)
66%
152011Yeah 3X
66%
12007Kiss Kiss
64%
22008With You
63%
212015Ayo
58%
402017Party
58%
62011Look At Me Now
56%
22008Forever
53%
102012Don't Wake Me Up
51%
102012Turn Up The Music
51%
622017Privacy
48%
102006Say Goodbye
47%
142010Deuces
45%
272014New Flame
45%
792007Wall To Wall
45%
672013Don't Judge Me
44%
152006Gimme That
41%
202016Back To Sleep
41%
312013Fine China
41%
32008No Air
40%
712016Grass Ain't Greener
38%
232013Love More
37%
462017Pills And Automobiles
36%
432011Beautiful People
36%
782017Questions
36%
272011She Ain't You
36%
982014X
36%
262011Next To You
34%
802016Zero
34%
912016Little More (Royalty)
33%
602015Liquor
33%
432008Take You Down
33%
532010Crawl
32%
202009I Can Transform Ya
30%
272012Strip
29%
812013Don't Think They Know
26%
772011Wet The Bed
26%
652011Body 2 Body
25%
622011No BS
23%
132015Post To Be
23%
132012International Love
23%
392014Hold You Down
21%
422007Poppin'
21%
122014Only
21%
132014Show Me
19%
272016Do You Mind
18%
822017High End
18%
402015Fun
18%
382008Freeze
16%
892012Sweet Love
16%
212015All Eyes On You
15%
92006Shortie Like Mine
15%
512012Right By My Side
14%
582012Take It To The Head
14%
972015Sorry
14%
332011Best Love Song
12%
302013It Won't Stop
12%
682015How Many Times
11%
522013Beat It
11%
622008This Christmas
11%
512017Whatever You Need
10%
602014Main Chick
10%
712015Do It Again
10%
962015Hotel
10%
102008Shawty Get Loose
10%
242012Birthday Cake
10%
772016Wishing
8%
442012I Can Only Imagine
8%
812013Celebration
8%
302011My Last
7%
932015You Changed Me
7%
882013As Your Friend
7%
382011Better With The Lights Off
7%
802012Another Round
7%
842015Play No Games
5%
162008Dreamer
5%
882009What I Do
5%
932013Ready
5%
932016Something New
5%
162008Get Like Me
5%
652012Put It Down
4%
332008What Them Girls Like
4%
712011Make A Movie
4%
702010Get Back Up
3%
382009Drop It Low
1%

Score Distribution

Percentile by Number Answered

Percent of People with Each Score

Your Score History

You have not taken this quiz